Trasa Autobusu 213 Warszawa - Statystyki

Ogólne statystyki
  • Ten quiz został rozwiązany 4 razy
  • Średni wynik to 41 z 54
Statystyki odpowiedzi
Ulice Przystanek % Poprawnych
Wał Miedzeszyński Błota
100%
Gen. Fieldorfa "Nila" Bora-Komorowskiego
100%
Bysławska / Wał Miedzeszyński Bysławska
100%
Bysławska Falenica
100%
Gen. Bora-Komorowskiego Gocław
100%
Umińskiego Gocław
100%
Izbicka Izbicka - Cmentarz
100%
Wał Miedzeszyński / Kadetów Kadetów
100%
Kadetów Kadetów - Kościół
100%
Kadetów Kadetów - Szkoła
100%
Kadetów / Lucerny Lucerny
100%
Gen. Fieldorfa "Nila" Meissnera
100%
Bysławska Mera-Pnefal
100%
Wał Miedzeszyński Most Siekierkowski
100%
Techniczna Napoleona Bonaparte
100%
Wał Miedzeszyński Narodowa
100%
Umińskiego Os. Wilga
100%
Mrówcza Piechurów
100%
Lucerny Pielęgniarek
100%
Lucerny / Mrówcza PKP Anin
100%
Walcownicza / Bysławska PKP Falenica
100%
Młoda PKP Falenica
100%
Mrówcza PKP Międzylesie
100%
Mrówcza PKP Międzylesie
100%
Panny Wodnej PKP Radość
100%
Izbicka PKP Radość
100%
Umińskiego / Gen. Fieldorfa "Nila" Umińskiego
100%
Zagórzańska Zagórzańska
100%
Bystrzycka Bystrzycka
67%
Mrówcza Gruszy
67%
Izbicka Jachtowa
67%
Izbicka Jontka
67%
Mrówcza Juhasów
67%
Mrówcza Klimatyczna
67%
Izbicka Kwitnącej Akacji
67%
Mrówcza / Panny Wodnej Mozaikowa
67%
Ochocza Narcyzowa
67%
Ochocza Ochocza
67%
Izbicka Olchy
67%
Lucerny Pomiechowska
67%
Techniczna Przełęczy
67%
Zagórzańska Samorządowa
67%
Narcyzowa Bartoszycka
33%
Petunii / Walcownicza Czekanowska
33%
Izbicka Czołgistów
33%
Izbicka Drohobycka
33%
Bysławska Kosaćcowa
33%
Wał Miedzeszyński Krokusów
33%
Bysławska Liliowa
33%
Izbicka Limby
33%
Bystrzycka Podkowy
33%
Panny Wodnej Powojowa
33%
Kadetów Sęczkowa
33%
Narcyzowa Wasilkowska
33%
Nie znaleziono quizów pasujących do podanych kryteriów
Rozkład punktacji
Procent ludzi z każdym wynikiem
Percentyl według liczby udzielonych odpowiedzi
Twoja historia wyników
Nie rozwiązałeś tego quizu